Naša aktuálna dilema - školné

Autorka hovorí o novej reforme v školstve - platenie školného a poplatkov za vzdelanie, ktorá by mala vyriešiť prinajmenšom stály nedostatok financií v rezorte školstva. Na druhej strane však stoja študenti, ktorých príjmy sú v období štúdia najnižšie a často si nemôžu dovoliť platiť vysoké školné....

Full description

Bibliographic Details
Main Author: Farkašová, Ľudmila (Author)
Format: Article
Language:Slovak

MARC

LEADER 00000nab a2200000 a 4500
001 vtls001508608
003 SK-MaSNL
005 20260303075849.0
008 140302s2000 xo 000 0 slo
035 |a SPKCL10935 
040 |a SPKCL  |b slo  |c SNKBUCL  |d ÚIP-SPK(IC)  |e AACR2 
041 |a slo 
044 |a xo  |c SK 
080 |a 37.014:37.014.3:371.22  |2 1981 
100 1 |a Farkašová, Ľudmila  |4 aut  |9 891997 
245 1 0 |a Naša aktuálna dilema - školné  |c Ľudmila Farkašová 
520 |a Autorka hovorí o novej reforme v školstve - platenie školného a poplatkov za vzdelanie, ktorá by mala vyriešiť prinajmenšom stály nedostatok financií v rezorte školstva. Na druhej strane však stoja študenti, ktorých príjmy sú v období štúdia najnižšie a často si nemôžu dovoliť platiť vysoké školné. 
773 1 |t Učiteľské noviny  |g Roč. 50, č. 36 (2000) s. 1 
850 |a Slovenská pedagogická knižnica Bratislava 
852 |a SPKCL  |b KIS3GCP  |b 000710000  |n SK 
999 |c 1777708  |d 1779638